Matemática en poesía : poesías didácticas /
Guardado en:
| Autor Principal: | |
|---|---|
| Formato: | Libro |
| Publicado: |
Bahía Blanca :
Tall. Brown,
1983
|
| Materias: | |
| Etiquetas: |
Agregar Etiqueta
Sin Etiquetas, Sea el primero en etiquetar este registro!
|
| LEADER | 00521nam a22001695a 4500 | ||
|---|---|---|---|
| 001 | CEM.cems000293 | ||
| 005 | 20061013151729.0 | ||
| 008 | 130507s1983##################000#0#####d | ||
| 003 | CEMS | ||
| 082 | 0 | 4 | |a 510 |
| 100 | 1 | |a Abat, Herminia María | |
| 245 | 1 | 0 | |a Matemática en poesía : |b poesías didácticas / |c Herminia María Abat |
| 260 | |a Bahía Blanca : |b Tall. Brown, |c 1983 | ||
| 300 | |a 22 p. | ||
| 653 | |a Matemática-didáctica | ||
| 653 | |a Matemática-poesía | ||
| 859 | |a CEMS |b BIB. CEMS - 11 de abril |h 510 |i Ab18-1 |p 12565.83 |t Ej.1 | ||
